| 000 | 00817nam a2200241 a 4500 | ||
|---|---|---|---|
| 001 | 000024159 | ||
| 005 | 20260120073950.0 | ||
| 008 | 110119s1977 xxu r 000 0 spa d | ||
| 020 | _a0311460607 | ||
| 040 |
_aDO-SdBNP _bspa _cBNPHU |
||
| 082 |
_a248.8 _bM478t |
||
| 100 | 1 |
_aMcLelland, Joseph C. _949608 |
|
| 245 | 1 | 0 |
_aTrabajo y justicia : _bel significado cristiano del trabajo y la propiedad / _cJoseph C. McLelland ; traducción Arnoldo Canclini. |
| 260 |
_aTexas, (Estados Unidos) : _bMundi Hispano, _c1977. |
||
| 300 | _a128 p. ;. | ||
| 504 | _aIncluye referencias bibliográficas | ||
| 500 | _aIncluye notas al pie de las páginas. | ||
| 650 | 0 |
_aVida cristiana _9668 |
|
| 650 | 0 |
_aVida espiritual _9268 |
|
| 650 | 4 |
_aVida religiosa _915864 |
|
| 700 | 1 |
_aCanclini, Arnoldo, _etr. _923732 |
|
| 049 | _aBNGR | ||
| 999 |
_c23653 _d23653 |
||